| 000 | 01134cam a2200313 a 4500 | ||
|---|---|---|---|
| 001 | 932 | ||
| 005 | 20230824101152.0 | ||
| 008 | 020712s2002 nyua b 000 1 eng | ||
| 020 | _a090129003990 | ||
| 040 |
_aDLC _cDLC _dDLC _beng |
||
| 050 | 0 | 0 |
_aPZ7.O81167 _bTh 2002 |
| 082 | 0 | 0 |
_aFic _221 |
| 100 | 1 | _aOsborne, Mary Pope. | |
| 245 | 1 | 0 |
_aThanksgiving on Thursday _cby Mary Pope Osborne ; illustrated by Sal Murdocca. |
| 260 |
_aNew York : _bRandom House, _c2002 |
||
| 300 |
_a73 pages : _billustrations ; _c20 cm |
||
| 490 | 1 |
_aMagic tree house _vBook 27 |
|
| 500 | _a"A stepping stone book." | ||
| 505 | _aN | ||
| 520 | _aJack and Annie travel in their magic treehouse to the year 1621, where they celebrate the first Thanksgiving with the Pilgrims and Wampanoag Indians in the New Plymouth Colony. | ||
| 521 |
_a590
_bLexile |
||
| 521 |
_aN
_bRaz-Plus |
||
| 650 | 1 |
_aThanksgiving Day _vFiction. |
|
| 650 | 1 |
_aPilgrims (New Plymouth Colony) _vFiction. |
|
| 650 | 1 |
_aTime travel _vFiction. |
|
| 700 | 1 |
_aMurdocca, Sal _eillustrator |
|
| 906 |
_a7 _bcbc _corignew _d1 _eecip _f20 _gy-gencatlg |
||
| 942 |
_2ddc _cBK _n0 |
||
| 999 |
_c932 _d932 |
||